000 00740na a2200241 4500
001 24392
003 MIRAKIL
005 20181226104236.0
008 180928b tu 000 0
020 _a9786055828707
041 _atur
082 _a320.9561
_bİ93c 2013
090 _a320.9561 İ93c 2013
100 _aİzgili, Mesut
245 _aCHP ''yeni'' oldu mu? Tüzük demokratikleşti mi?
_cMesut İzgili
260 _aAnkara
_bKarınca Yayınları
_c2013
300 _a223 s.
_bfotğ.
_c21 sm.
610 _aCumhuriyet Halk Partisi (CHP)
_xPropaganda ve ideolojiler
650 _aSiyasal partiler
_xCumhuriyet Halk Partisi
650 _aSiyaset ve yönetim
_xTürkiye
942 _2ddc
_cBKS
040 _aMilas
_btur
_cTR-AnCHP
999 _c11895
_d11895